Brasil: las cárceles de la droga y de la miseria /
Guardado en:
| Autor principal: | |
|---|---|
| Formato: | Libro |
| Lenguaje: | Spanish |
| Etiquetas: |
Agregar Etiqueta
Sin Etiquetas, Sea el primero en etiquetar este registro!
|
MARC
| LEADER | 00000nam a22000007a 4500 | ||
|---|---|---|---|
| 003 | cru CIDCACS/IIS | ||
| 005 | 20170720114811.0 | ||
| 007 | ta | ||
| 008 | 170720s2017 ag ||||| |||| 00| 0 spa d | ||
| 999 | |c 19466 |d 19466 | ||
| 040 | |c cru CIDCACS/IIS | ||
| 100 | 1 | |9 5010 |a Boiteux, Luciana | |
| 245 | 1 | |a Brasil: |b las cárceles de la droga y de la miseria / |c Luciana Boiteux | |
| 300 | |a páginas 14-22 | ||
| 773 | 0 | |0 19022 |9 1045 |a Fundación Friedrich Ebert |d Fundación Friedrich Ebert; Nueva Sociedad |o 18269 |t Nueva Sociedad / | |
| 942 | |2 ddc |c PP | ||
